| 000 | 00853nam a2200229 i 4500 | ||
|---|---|---|---|
| 001 | 22920 | ||
| 003 | ES-MaACL | ||
| 005 | 20250727024446.0 | ||
| 007 | t| | ||
| 008 | 021205s1895 sp ||||1| spa d | ||
| 100 | 1 |
_aÁlvarez Sereix, Rafael, _d1856-1946 _920966 |
|
| 245 | 1 | 0 |
_aFechas prehistóricas y porvenir de las razas _b: conferencia dada en la Sociedad Geográfica de Madrid, el 2 de abril de 1895 / _cpor Rafael Álvarez Sereix. |
| 260 |
_aMadrid : _b[s.n.], _c1895 ( _fImp. de Ricardo Rojas) |
||
| 300 |
_a30 p. ; _c24 cm. |
||
| 650 | 0 | 4 |
_aPrehistoria. _916343 |
| 650 |
_aRaza. _916677 |
||
| 650 | 7 |
_aAntropología física _2embne _99893 |
|
| 710 | 2 |
_aSociedad Geográfica de Madrid. _96775 |
|
| 852 | 4 |
_aES-MaACL _jT-830-F-1 |
|
| 852 | 4 |
_aES-MaACL _jG-9538 _z- Enc. hol. _z- Enc. en un vol. facticio |
|
| 999 |
_c22920 _d22920 |
||